Las claves de los seguros de salud, de vida y de decesos
Descripción Física:
1 quadríptic ; il. ; 14 x 20 cm
Materias:
Assegurances de vida -- Manuals, guies, etc
; Assegurances -- Manuals, guies, etc.
; Assegurances de malaltia -- Manuals, guies, etc.
Idioma:
Catalán , Español
MARC
| LEADER | 00000nam a22000007a 4500 | ||
|---|---|---|---|
| 001 | 25040 | ||
| 008 | 211129b spa||||| |||| 00| 0 cat d | ||
| 017 | |a B 12430-2018 | ||
| 040 | |a agdb |b cat | ||
| 041 | |a spa | ||
| 080 | |a FU-67-94 | ||
| 245 | |a Las claves de los seguros de salud, de vida y de decesos | ||
| 260 | |a Bercelona : |b Diputació de Barcelona. Àrea d'Atenció a les Persones ; |c 2018 | ||
| 300 | |a 1 quadríptic ; |b il. ; |c 14 x 20 cm | ||
| 546 | |a També en català: "Les claus de les assegurances sanitàries, de vida i decessos" (R. 27025) | ||
| 650 | 0 | |a Assegurances de vida |v Manuals, guies, etc | |
| 650 | 0 | |a Assegurances |v Manuals, guies, etc. | |
| 650 | 0 | |a Assegurances de malaltia |v Manuals, guies, etc. | |
| 710 | |a Barcelona (Catalunya : Província). |b Àrea d'Atenció a les Persones |9 52421 | ||
| 942 | |2 udc |c ARXIU |n 1 | ||
| 952 | |0 0 |1 0 |2 udc |4 0 |6 FU6794 |7 1 |9 60860 |a Arxiu |b Arxiu |d 2021-11-29 |l 0 |o FU-67-94 |p 25040 |r 2021-11-29 00:00:00 |w 2021-11-29 |y ARXIU | ||
| 999 | |c 80989 |d 80989 | ||